Soils and the environment: a guide to soil surveys and their applications

Gespeichert in:
Bibliographische Detailangaben
1. Verfasser: Gerald W Olson
Format: Buch
Sprache:Undetermined
Veröffentlicht: New York Chapman and Hall 1981
Schlagworte:
Tags: Tag hinzufügen
Keine Tags, Fügen Sie den ersten Tag hinzu!
Thư viện lưu trữ: Trung tâm Học liệu Trường Đại học Cần Thơ
LEADER 00517nam a2200181Ia 4500
001 CTU_38513
008 210402s9999 xx 000 0 und d
082 |a 631.47 
082 |b O52 
100 |a Gerald W Olson 
245 0 |a Soils and the environment: a guide to soil surveys and their applications 
245 0 |c Gerald W Olson 
260 |a New York 
260 |b Chapman and Hall 
260 |c 1981 
650 |a soil survey 
904 |i Liên, 990409 
980 |a Trung tâm Học liệu Trường Đại học Cần Thơ